000
00287nam a2200097Ia 4500
008
220204s9999 xx 000 0 und d
082
_a
339.562
_b
IMP.1
245
0
_a
Import trade policy for the year April 1972-March 1973. V 1
260
_a
Delhi
_b
Manager of Publications
_c
1972
942
_c
BK
999
_c
21739
_d
21739